Construction contract signed (Record no. 113253)

MARC details
000 -LEADER
fixed length control field 00912cad a22002175a 4500
001 - CONTROL NUMBER
control field L154946
008 - FIXED-LENGTH DATA ELEMENTS--GENERAL INFORMATION
fixed length control field 120208s2012 xxkqr p 0 a0eng u
035 ## - SYSTEM CONTROL NUMBER
System control number (Sirsi) u154946
041 0# - LANGUAGE CODE
Language code of text/sound track or separate title eng
100 1# - MAIN ENTRY--PERSONAL NAME
Personal name Rowan, Vincent
245 00 - TITLE STATEMENT
Title Construction contract signed
Remainder of title what next for an owner?
Medium [electronic resource]
260 ## - PUBLICATION, DISTRIBUTION, ETC.
Place of publication, distribution, etc. [S.l.]
Name of publisher, distributor, etc. Reed Smith
Date of publication, distribution, etc. 2012
520 ## - SUMMARY, ETC.
Summary, etc. This article discusses reaching the signature stage of a construction contract; pre-qualification stage, tender process, contract-drafting, owner involvement and rights.
590 ## - LOCAL NOTE (RLIN)
Local note KA
651 #4 - SUBJECT ADDED ENTRY--GEOGRAPHIC NAME
Geographic name United Kingdom
Chronological subdivision
690 ## - LOCAL SUBJECT ADDED ENTRY--TOPICAL TERM (OCLC, RLIN)
Topical term or geographic name as entry element Contracts
9 (RLIN) 6232
690 ## - LOCAL SUBJECT ADDED ENTRY--TOPICAL TERM (OCLC, RLIN)
Topical term or geographic name as entry element Project management
9 (RLIN) 6261
710 1# - ADDED ENTRY--CORPORATE NAME
Corporate name or jurisdiction name as entry element Reed Smith
856 40 - ELECTRONIC LOCATION AND ACCESS
Uniform Resource Identifier <a href="https://www.mondaq.com/x/161606/Contracts+Deeds/Construction+Contract+Signed+What+Next+for+an+Owner&email_access=on">https://www.mondaq.com/x/161606/Contracts+Deeds/Construction+Contract+Signed+What+Next+for+an+Owner&email_access=on</a>
Public note Register here with Mondaq to view the article free of charge www.mondaq.com
942 ## - ADDED ENTRY ELEMENTS (KOHA)
Suppress in OPAC 0
Holdings
Withdrawn status Lost status Source of classification or shelving scheme Damaged status Not for loan Home library Current library Shelving location Date acquired Total Checkouts Full call number Barcode Date last seen Copy number Price effective from Koha item type
    Dewey Decimal Classification     Virtual Virtual Online 08/02/2012   ONLINE PUBLICATION 154946-2001 06/08/2019 1 06/08/2019 Book